Hasan-Âli Yücel/ (Record no. 39885)
| 000 -BAŞLIK | |
|---|---|
| Sabit Uzunluktaki Kontrol Alanı | 01535nam a22004217a 4500 |
| 001 - KONTROL NUMARASI | |
| Control Dosyası | 0040009 |
| 003 - KONTROL NUMARASI KİMLİĞİ | |
| Kontrol Alanı | KOHA_MİRAKIL |
| 005 - EN SON İŞLEM TARİHİ ve ZAMANI | |
| Kontrol Alanı | 20260207003148.0 |
| 007 - FİZİKSEL TANIM SABİT ALAN - GENEL BİLGİ | |
| Sabit uzunluklu kontrol alanı | ta |
| 008 - SABİT UZUNLUKTAKİ VERİ ÖGELERİ - GENEL BİLGİ | |
| Sabit Alan | 130422b2011 tu |||gr||||#||||0|tur | |
| 020 ## - ISBN - ULUSLARARASI STANDART KİTAP NUMARASI | |
| Isbn | 9789751735669 |
| 020 ## - ISBN - ULUSLARARASI STANDART KİTAP NUMARASI | |
| Isbn | 9751735661 |
| 040 ## - KATALOGLAMA KAYNAĞI | |
| Özgün Kataloglama Kurumu | TR-BiSEU |
| Kataloglama Dili | tur |
| Çeviri Kurumu | TR-BiSEU |
| Açıklama Kuralları | rda |
| 041 0# - DİL KODU | |
| Metin ya da ses kaydının dil kodu | tur |
| 044 ## - YAYINLAYAN/ÜRETEN KURULUŞUN ÜLKE KODU | |
| ISO country code | tu |
| 050 ## - SINIFLAMA ve YER NUMARASI | |
| Sınıflama Numarası | LA2375.T92 |
| Yer Numarası | Y83 2011 |
| 245 1# - ESER ADI BİLDİRİMİ | |
| Başlık | Hasan-Âli Yücel/ |
| Sorumluluk Bildirimi | editör Kemal Kocabaş. |
| 250 ## - BASIM BİLDİRİMİ | |
| Basım Bildirimi | 1st ed. |
| 264 #1 - ÜRERİM, YAYIN, DAĞITIM ve TELİF BİLDİRİMİ | |
| Yayın yeri | Ankara : |
| Yayınlayan | T.C. Kültür ve Turizm Bakanlığı |
| Yayın tarihi | 2011 |
| 300 ## - FİZİKSEL TANIMLAMA | |
| Sayfa, Cilt vb. | 485 p., [11] p. of plates ill. ; |
| Boyutları | 22 cm. |
| 336 ## - İÇERİK TÜRÜ | |
| Content type term | metin |
| Content type code | txt |
| Source | rdacontent |
| 337 ## - MEDYA TÜRÜ | |
| Media type term | aracısız |
| Media type code | n |
| Source | rdamedia |
| 338 ## - TAŞIYICI TÜRÜ | |
| Carrier type term | cilt |
| Carrier type code | nc |
| Source | rdacarrier |
| 490 1# - DİZİ BİLDİRİMİ | |
| Dizi Bildirimi | T.C. |
| 490 1# - DİZİ BİLDİRİMİ | |
| Dizi Bildirimi | Kültür ve Turizm Bakanlığı Kütüphaneler ve Yayımlar Genel Müdürlüğü ; |
| Cilt Numarası | 3313. |
| 490 1# - DİZİ BİLDİRİMİ | |
| Dizi Bildirimi | Anma ve armağan kitapları dizisi ; |
| Cilt Numarası | 31 |
| 500 ## - GENEL NOT | |
| Genel Not | "Ölümünün 50. yılı anısına"-- T.p. |
| 500 ## - GENEL NOT | |
| Genel Not | Includes bibliographical references. |
| 650 #0 - KONU BAŞLIĞI EK GİRİŞ - KONU TERİMİ | |
| Konusal terim veya coğrafi ad | Yücel, Hasan Âli, 1897-1961. |
| 9 (RLIN) | 12741 |
| 650 #0 - KONU BAŞLIĞI EK GİRİŞ - KONU TERİMİ | |
| Konusal terim veya coğrafi ad | Educators--Turkey--20th century. |
| 9 (RLIN) | 74201 |
| 650 #0 - KONU BAŞLIĞI EK GİRİŞ - KONU TERİMİ | |
| Konusal terim veya coğrafi ad | Statesmen--Turkey--20th century. |
| 9 (RLIN) | 74202 |
| 650 #0 - KONU BAŞLIĞI EK GİRİŞ - KONU TERİMİ | |
| Konusal terim veya coğrafi ad | Education--Turkey--History--20th century. |
| 9 (RLIN) | 24708 |
| 650 #0 - KONU BAŞLIĞI EK GİRİŞ - KONU TERİMİ | |
| Konusal terim veya coğrafi ad | Education, Rural--Turkey--History--20th century. |
| 9 (RLIN) | 11168 |
| 830 1# - SERİ EK GİRİŞİ - TEKBİÇİM ESER ADI | |
| Tekbiçim Başlık | T.C. |
| 9 (RLIN) | 6297 |
| 830 1# - SERİ EK GİRİŞİ - TEKBİÇİM ESER ADI | |
| Tekbiçim Başlık | Kültür ve Turizm Bakanlığı Kütüphaneler ve Yayımlar Genel Müdürlüğü ; |
| Volume number/sequential designation | 3313. |
| 9 (RLIN) | 12259 |
| 830 1# - SERİ EK GİRİŞİ - TEKBİÇİM ESER ADI | |
| Tekbiçim Başlık | Anma ve armağan kitapları dizisi ; |
| Volume number/sequential designation | 31 |
| 9 (RLIN) | 74203 |
| 942 ## - EK GİRİŞ ÖGELERİ (KOHA) | |
| Source of classification or shelving scheme | Library of Congress Classification |
| Koha item type | Book |
| Materyal Türü | Kalıcı Konum | Mevcut Konum | Raf Yeri | Sınıflandırma Kaynağı | Edinim Bilgisi | Ana Konular | Alt Konular | Yer Numarası | Demirbaş Numarası | Fatura Tarihi | Geri Çekilme Durumu | Kayıp Durumu | Hasarlı Durumu | Kredi için değil | Kayıt Tarih | Toplam Ödünçverme | Son Görülme Tarihi | Son Kontrol Tarihi | Genel / Bağış Notu |
|---|---|---|---|---|---|---|---|---|---|---|---|---|---|---|---|---|---|---|---|
| Book | Prof. Dr. Azmi Özcan Kütüphanesi | Prof. Dr. Azmi Özcan Kütüphanesi | Uluğbey Salonu | Library of Congress Classification | Bağış | EĞİTİM | Eğitim Tarihi | LA2375.T92 Y83 2011 | 0040009 | 02/02/2026 | 22/04/2013 | 2 | 05/12/2024 | 05/12/2024 | Genel Bağış |
